000 00683nam a2200241Ia 4500
003 OSt
005 20221006144733.0
006 a|||||r|||| 00| 0
007 ta
008 221006b |||||||| |||| 00| 0 eng d
020 _c15.00
024 _a12,552
037 _cTextual
040 _aEASL
_cEASL
_beng
041 _2eng
_aeng
082 _aV41:1958,(X).N62, K6
100 _aKlein Sidney
_9270867
245 0 _aRoad divides
_b Economic aspects of the sino Soviet dispute
260 _aHong Kong
_bInternational Studies
_c1966
300 _a178p.
_ccm.
942 _hV41:1958,(X).N62, K6
_cTEXL
_2CC
999 _c1080638
_d1080638